000 00305nam a2200133Ia 4500
100 _aApte/ D.G.
942 _cBK
654 _ainternational financial mgt
245 _aInternational Financial Mgt
260 _bTata Mc Graw hill
_aNew Delhi
_c1995
300 _a657
546 _aENGLISH
999 _c29193
_d29193